000 01452nam a2200241 i 4500
001 153076
003 ES-MaACL
005 20230906205019.0
008 991019s1733 sp |||| | spa d
040 _aCCPB | B
_bspa
_cCCPB | B
080 _a821.134.2-31"16"
100 1 _aCéspedes y Meneses, Gonzalo de.
_937691
245 1 0 _aVaria fortuna de el soldado Pindaro /
_cpor D. Gonzalo de Cespedes y Meneses ... ; añadido en esta ultima impression otro libro de el mismo autor, cuyo titulo es: Historias peregrinas y exemplares con el origen, fundamentos y excelencias de España y ciudades donde sucedieron.
250 _aTercera impression.
260 _aEn Madrid :
_ba costa de Pedro Joseph Alonso Padilla ...,
_c1733.
300 _a[4], 236 p. ;
_c20 cm.
530 _aDisponible también en sitio web.
597 _aSign.: Sign.: [ ]4, A-Z8, 2A-2F8, 2G4.
597 _aPort. con esc. xil.
597 _aTexto a dos col.
852 _aES-MaACL
_jR-345
_z-- Enc. hol.
_z-- Legado M. de la Fuente
_x-- Olim: D-4144
_x-- Edic.: Con port. propia: "Historias peregrinas y exemplares con el origen, fundamentos y excelencias de España y ciudades adonde sucedieron / por Don Gonzalo de Cespedes y Meneses ..." (pp.[137]-236) -- Texto a dos col. -- El esc. de la port. es la marca tip. de Padilla
856 _uhttp://bibliotecadigitalhispanica.bne.es:80/webclient/DeliveryManager?pid=3176390&custom_att_2=simple_viewer
_zIr a la página
999 _c153076
_d153076